• 首页
  • 本馆介绍
  • 公告通知
  • 最新文献
  • 馆藏检索
  • 电子资源
  • 读者导购
  • 参考咨询
  • 我的图书馆
  • 登录
  • 详细信息显示
  • 放入我的书架
  • 预约/预借图书
  • 作者相关作品
  • 分类相关作品
  • 丛书相关作品
  • 出版社相关作品

书目信息

  • 表格格式
  • 工作单格式
  • 卡片格式
题名:
新时期政治教师基本功
    
 
作者: 方培君 主编 ;阎俊 册主编
分册:   上课篇
出版信息: 上海   上海教育出版社  2017
页数: 109页
开本: 24cm
丛书名:
单 册:
中图分类: G633.202
科图分类:
主题词: 政治课--教学研究--中学
电子资源:
ISBN: 978-7-5444-7517-4
000 01039nam0 2200253 450
001 3304
005 20180527144849.08
010    @a978-7-5444-7517-4@dCNY22.00
100    @a20171018d2017 em y0chiy50 ea
101 0  @achi
102    @aCN@b310000
105    @ay z 000yy
200 1  @a新时期政治教师基本功@9xin shi qi zheng zhi jiao shi ji ben gong@i上课篇@f方培君主编@g阎俊册主编
210    @a上海@c上海教育出版社@d2017
215    @a109页@d24cm
300    @a求本筑基集
300    @a本专著受上海市教师专业发展工程领导小组办公室资助
330    @a本册内容围绕教师上课需要解决的基本问题与需要具备的教师基本素养展开。此外,面对新时期思想政治课的新发展,专门探讨了“如何运用思维导图”“如何进行概念教学”“如何应对学生思想多元化”以及“教学机智”等学科发展的新题、难题,以期为广大思想政治课教师更好地开展课堂教学工作提供帮助。
606 0  @a政治课@x教学研究@x中学
690    @aG633.202@v5
701  0 @a方培君@9fang pei jun@4主编
702  0 @a阎俊@9yan jun@4册主编
801  0 @aCN@b91MARC@c20171018
905    @aMuseLib@dG633.202@e133
    
    新时期政治教师基本功.上课篇/方培君主编/阎俊册主编.-上海:上海教育出版社,2017
    109页;24cm
    求本筑基集.-本专著受上海市教师专业发展工程领导小组办公室资助
    
    ISBN 978-7-5444-7517-4:CNY22.00
    本册内容围绕教师上课需要解决的基本问题与需要具备的教师基本素养展开。此外,面对新时期思想政治课的新发展,专门探讨了“如何运用思维导图”“如何进行概念教学”“如何应对学生思想多元化”以及“教学机智”等学科发展的新题、难题,以期为广大思想政治课教师更好地开展课堂教学工作提供帮助。
●
相关链接 在E读中查询图书 在五车中查询图书 在当当中查询图书 在豆瓣中查询图书


正题名:新时期政治教师基本功     索取号:G633.202/133         预约/预借

序号 登录号 条形码 馆藏地/架位号 状态 备注
1 1108664   211086643   第一样本阅览室/ [索取号:G633.202/133] 在馆    
2 1108665   211086652   教育系资料室/ [索取号:G633.202/133] 在馆    
3 1108666   211086661   教育系资料室/ [索取号:G633.202/133] 在馆    
4 1108667   211086670   第四借阅区/ [索取号:G633.202/133] 在馆    
唐山师范学院图书馆 欢迎您!
大连网信软件有限公司© 版权所有